| 000 -LEADER |
| fixed length control field |
01586nam a2200169 4500 |
| 020 ## - INTERNATIONAL STANDARD BOOK NUMBER |
| ISBN |
9781003194835 |
| 082 ## - DEWEY DECIMAL CLASSIFICATION NUMBER |
| Classification number |
808.0666 |
| Item number |
P126 2022 |
| 100 ## - MAIN ENTRY--AUTHOR NAME |
| Personal name |
Paeez, Vahid, author. |
| 245 ## - TITLE STATEMENT |
| Title |
I think and write, therefore you are confused : technical writing and the language interface / Vahid Paeez. |
| 260 ## - PUBLICATION, DISTRIBUTION, ETC. (IMPRINT) |
| Place of publication |
Boca Raton, FL ; Abingdon, Oxon : |
| Name of publisher |
CRC Press, |
| Year of publication |
2022. |
| 300 ## - PHYSICAL DESCRIPTION |
| Number of Pages |
1 online resource, xxi, 160 pages : |
| Other physical details |
illustrations. |
| 500 ## - GENERAL NOTE |
| General note |
Includes bibliographical references and index. |
| 520 ## - SUMMARY, ETC. |
| Summary, etc |
The importance of good documentation can build a strong foundation for any thriving organization. This reference text provides a detailed and practical treatment of technical writing in an easy to understand manner. The text covers important topics including neuro-linguistics programming (NLP), experimental writing against technical writing, writing and unity of effect, five elements of communication process, human information processing, nonverbal communication and types of technical manuals. Aimed at professionals and graduate students working in the fields of ergonomics, aerospace engineering, aviation industry, and human factors, this book: Provides a detailed and practical treatment of technical writing. Discusses several personal anecdotes that serve as real-work examples. Explores communications techniques in a way that considers the psychology of what "works" Discusses in an easy to understand language, stories, and examples, the correct steps to create technical documents. |
| 650 ## - SUBJECT ADDED ENTRY--TOPICAL TERM |
| Topical Term |
Communication |
| -- |
Language. |
| 650 ## - SUBJECT ADDED ENTRY--TOPICAL TERM |
| Topical Term |
Writing. |
| 942 ## - ADDED ENTRY ELEMENTS (KOHA) |
| Koha item type |
Electronic Books |